[Event "Chessemy Open 2022"]
[Site "Reinstorf"]
[Date "2022.01.31"]
[Round "3.21"]
[White "Budzyn, Matthias"]
[Black "Labruyere, Roger"]
[Result "1-0"]
[WhiteElo "2139"]
[BlackElo "2024"]
[Annotator "ChessBase"]
[PlyCount "93"]
[EventDate "2022.01.29"]
[EventType "swiss"]
[EventCountry "GER"]
[SourceTitle "playchess.com"]
[Source "ChessBase"]
[SourceQuality "1"]

1. e4 c5 2. c3 Nf6 3. e5 Nd5 4. Nf3 Nc6 5. Bc4 e6 6. O-O Nb6 7. Bb3 d5 8. d4 Bd7 9. Re1 Rc8 10. Be3 cxd4 11. cxd4 Na5 12. Bc2 Qc7 13. Bd3 Nac4 14. Bc1 Bb4 15. Nc3 Bxc3 16. bxc3 Na4 17. Ng5 Ncb2 18. Qf3 Rf8 19. Bxh7 Qxc3 20. Qxc3 Rxc3 21. Rb1 Nc4 22. Rxb7 a5 23. Nxf7 Rxf7 24. Rb8+ Bc8 25. Rxc8+ Kd7 26. Ra8 Kc6 27. Bg6 Rc7 28. Re8 Kb7 29. Bg5 Ra3 30. Rxe6 Rxa2 31. Bd8 Rc8 32. Re7+ Ka6 33. Bc7 Nc3 34. e6 Ne2+ 35. Kh1 Nxd4 36. Rxg7 Nxe6 37. Rxe6+ Kb5 38. Re1 Rxf2 39. Kg1 Rb2 40. Bd3 a4 41. Bf4 a3 42. Ra7 Kb6 43. Ra4 Rb3 44. Bf1 Rc6 45. Ra1 Rc5 46. Bc1 Nb2 47. R4xa3 1-0

[Event "Chessemy Open 2022"]
[Site "Reinstorf"]
[Date "2022.01.31"]
[Round "3.21"]
[White "Albers, Andreas"]
[Black "Zhou, Leyi Charlotte"]
[Result "1-0"]
[WhiteElo "1968"]
[BlackElo "1240"]
[Annotator "ChessBase"]
[PlyCount "59"]
[EventDate "2022.01.29"]
[EventType "swiss"]
[EventCountry "GER"]
[SourceTitle "playchess.com"]
[Source "ChessBase"]
[SourceQuality "1"]

1. e4 e5 2. Nf3 Nc6 3. d4 exd4 4. Nxd4 Qf6 5. Nxc6 Bc5 6. Qf3 Qxf3 7. gxf3 dxc6 8. Be3 Bb4+ 9. c3 Bd6 10. Nd2 Nf6 11. Nc4 Be6 12. Nxd6+ cxd6 13. b3 O-O 14. O-O-O Rfd8 15. Bg5 Rd7 16. Rg1 Ne8 17. f4 h6 18. Bxh6 Kh7 19. Bg5 f6 20. Bh4 Nc7 21. Rg3 d5 22. Rgd3 Kh6 23. Be2 g5 24. Bg3 Rad8 25. fxg5+ fxg5 26. f4 Nb5 27. f5 dxe4 28. Rxd7 Bxd7 29. Bxb5 cxb5 30. Bc7 1-0

[Event "Chessemy Open 2022"]
[Site "Reinstorf"]
[Date "2022.01.31"]
[Round "3.22"]
[White "Schwarz, Jochen"]
[Black "Gohla, Ulf"]
[Result "1-0"]
[WhiteElo "1905"]
[BlackElo "2139"]
[Annotator "ChessBase"]
[PlyCount "81"]
[EventDate "2022.01.29"]
[EventType "swiss"]
[EventCountry "GER"]
[SourceTitle "playchess.com"]
[Source "ChessBase"]
[SourceQuality "1"]

1. e4 e5 2. Nf3 Nc6 3. c3 d5 4. Qa4 Bd7 5. exd5 Nd4 6. Qd1 Nxf3+ 7. Qxf3 Nf6 8. Bc4 e4 9. Qe2 Bd6 10. d4 h6 11. h3 O-O 12. Be3 Qe8 13. g4 Nh7 14. Nd2 b5 15. Bb3 a5 16. Bc2 f5 17. gxf5 Bxf5 18. a4 bxa4 19. Bxa4 Qc8 20. Nc4 Bxh3 21. Ne5 Qf5 22. Bd7 Qxd7 23. Nxd7 Bxd7 24. O-O-O Nf6 25. Rdg1 Kf7 26. c4 Rfb8 27. c5 Bb5 28. Qd2 Bf8 29. Bf4 Nxd5 30. Be5 g5 31. Rxg5 hxg5 32. Qxg5 Ke8 33. Rh8 Ne7 34. Qg4 Bc4 35. Bxc7 Rc8 36. Bd6 Bd5 37. Bxe7 Kxe7 38. Qg5+ Kf7 39. Qxd5+ Kg7 40. Rg8+ Kh6 41. Qg5+ 1-0

[Event "Chessemy Open 2022"]
[Site "Reinstorf"]
[Date "2022.01.31"]
[Round "3.22"]
[White "Pohle, Saskia"]
[Black "Brandt, Marc"]
[Result "1-0"]
[WhiteElo "1824"]
[BlackElo "1421"]
[Annotator "NA"]
[PlyCount "119"]
[EventDate "2022.01.29"]
[EventType "swiss"]
[EventCountry "GER"]
[SourceTitle "playchess.com"]
[Source "ChessBase"]
[SourceQuality "1"]

1. e4 e6 2. d4 g6 3. Nc3 Bg7 4. Be3 b6 5. g3 Bb7 6. Bg2 d6 7. Nge2 Ne7 8. Qd2 h6 9. O-O-O Nd7 10. f4 Nf8 11. Bh3 c6 12. Rhf1 Qc7 13. Kb1 O-O-O 14. d5 Kb8 15. dxc6 Bxc6 16. Nd4 Bb7 17. f5 exf5 18. exf5 gxf5 19. Nxf5 Nxf5 20. Rxf5 Bxc3 21. Qxc3 Qxc3 22. bxc3 Bc8 23. Rh5 Bxh3 24. Rxh3 h5 25. g4 h4 26. Bg5 Re8 27. Rxh4 Rg8 28. Bf4 Kb7 29. Bxd6 Ne6 30. Bg3 Nc5 31. Rd4 Ne4 32. Rd3 Nc5 33. Rf3 Re7 34. Rh7 Ka6 35. Rfxf7 Re6 36. Rxa7+ Kb5 37. Rae7 Rf6 38. Rhf7 Rfg6 39. h3 Rh8 40. Rf4 Rxh3 41. Rb4+ Ka6 42. Bb8 Nb7 43. c4 Ka5 44. Rb5+ Ka6 45. Rb3 Rxb3+ 46. cxb3 Rxg4 47. Kb2 Rg8 48. Bc7 Rg6 49. Kc3 Rh6 50. b4 Rg6 51. Bb8 b5 52. cxb5+ Kb6 53. a4 Rh6 54. Bc7+ Ka7 55. b6+ Ka6 56. Re8 Nd6 57. b5+ Nxb5+ 58. axb5+ Kxb5 59. b7 Rc6+ 60. Kb3 1-0

[Event "Chessemy Open 2022"]
[Site "Reinstorf"]
[Date "2022.01.31"]
[Round "3.23"]
[White "Eilenberg, Jonas"]
[Black "Klugstedt, Vincent"]
[Result "1-0"]
[WhiteElo "2135"]
[BlackElo "1874"]
[Annotator "ChessBase"]
[PlyCount "67"]
[EventDate "2022.01.29"]
[EventType "swiss"]
[EventCountry "GER"]
[SourceTitle "playchess.com"]
[Source "ChessBase"]
[SourceQuality "1"]

1. d4 Nf6 2. c4 e6 3. Nc3 Bb4 4. e3 O-O 5. Bd3 d5 6. a3 Bxc3+ 7. bxc3 c5 8. Ne2 b6 9. cxd5 exd5 10. O-O Nbd7 11. Ng3 Re8 12. f3 Nf8 13. Ra2 Bb7 14. Re2 Ng6 15. Bb2 Qe7 16. Qd2 Qc7 17. Ree1 Re7 18. e4 dxe4 19. fxe4 Rae8 20. e5 Nd5 21. Nf5 Rd7 22. Nd6 Rf8 23. c4 Nde7 24. d5 a6 25. a4 Rxd6 26. exd6 Qxd6 27. Qc3 f6 28. Re6 Qd8 29. Bxg6 Nxg6 30. Qg3 Bc8 31. Rd6 Bd7 32. h4 Qc7 33. h5 Ne7 34. Rdxf6 1-0

[Event "Chessemy Open 2022"]
[Site "Reinstorf"]
[Date "2022.01.31"]
[Round "3.24"]
[White "Gressmann, Hanna"]
[Black "Bui, Bao Anh Le"]
[Result "0-1"]
[WhiteElo "1892"]
[BlackElo "2132"]
[Annotator "ChessBase"]
[PlyCount "80"]
[EventDate "2022.01.29"]
[EventType "swiss"]
[EventCountry "GER"]
[SourceTitle "playchess.com"]
[Source "ChessBase"]
[SourceQuality "1"]

1. d4 d5 2. Nf3 e6 3. e3 Nf6 4. b3 Nbd7 5. Bb2 Be7 6. Bd3 b6 7. O-O Bb7 8. Nbd2 O-O 9. Qe2 Ne4 10. c4 Bd6 11. Ne5 a5 12. a3 Bxe5 13. dxe5 Nxd2 14. Qxd2 Nc5 15. Qc2 Nxd3 16. Qxd3 a4 17. Rfd1 dxc4 18. Qxd8 Rfxd8 19. bxc4 c5 20. Rd6 Rxd6 21. exd6 f6 22. Kf1 Rd8 23. Rd1 Kf7 24. f3 Ba6 25. Rc1 Rxd6 26. Ke2 e5 27. Rc2 Ke6 28. Bc1 f5 29. Bb2 g5 30. Bc1 h5 31. g3 g4 32. f4 exf4 33. gxf4 h4 34. Kf2 Rd1 35. Ke2 Rh1 36. Kd3 Bb7 37. Rb2 Be4+ 38. Kd2 Rxh2+ 39. Ke1 Rxb2 40. Bxb2 h3 0-1

[Event "Chessemy Open 2022"]
[Site "Reinstorf"]
[Date "2022.01.31"]
[Round "3.25"]
[White "Germer, Philipp"]
[Black "Ziese, Gerhard"]
[Result "1-0"]
[WhiteElo "2132"]
[BlackElo "1876"]
[Annotator "ChessBase"]
[PlyCount "51"]
[EventDate "2022.01.29"]
[EventType "swiss"]
[EventCountry "GER"]
[SourceTitle "playchess.com"]
[Source "ChessBase"]
[SourceQuality "1"]

1. e4 e5 2. Nf3 Nc6 3. Bb5 f5 4. d3 fxe4 5. dxe4 Nf6 6. O-O Bc5 7. Qd3 d6 8. Qc4 Bd7 9. Nc3 Qe7 10. Nd5 Nxd5 11. exd5 Nd4 12. Bxd7+ Kxd7 13. Nxd4 Bxd4 14. Qb5+ Kc8 15. Be3 Bb6 16. a4 Qe8 17. Qc4 Rf8 18. a5 Bxe3 19. fxe3 Rxf1+ 20. Rxf1 Qe7 21. Qg4+ Kd8 22. Qe6 Qxe6 23. dxe6 Ke7 24. Rf7+ Kxe6 25. Rxc7 Rf8 26. Rxb7 1-0

[Event "Chessemy Open 2022"]
[Site "Reinstorf"]
[Date "2022.01.31"]
[Round "3.25"]
[White "Krause, Helmut"]
[Black "Sayas Payyappat"]
[Result "1/2-1/2"]
[WhiteElo "1595"]
[BlackElo "1223"]
[Annotator "NA"]
[PlyCount "98"]
[EventDate "2022.01.29"]
[EventType "swiss"]
[EventCountry "GER"]
[SourceTitle "playchess.com"]
[Source "ChessBase"]
[SourceQuality "1"]

1. d4 Nf6 2. Nc3 d6 3. e4 g6 4. Be3 Bg7 5. Be2 Nbd7 6. Qd2 O-O 7. h4 h5 8. f3 c5 9. dxc5 Nxc5 10. Bh6 Kh7 11. Bxg7 Kxg7 12. Nh3 b6 13. Nf4 e5 14. Nfd5 Bb7 15. O-O-O Nxd5 16. Nxd5 Re8 17. Ne3 Re6 18. g4 hxg4 19. Nxg4 Rc8 20. Bc4 Re8 21. Qh6+ Kg8 22. Bxf7+ Kxf7 23. Qh7+ Kf8 24. Nh6 Qf6 25. Rhg1 Qg7 26. Qxg6 Qxg6 27. Rxg6 Re6 28. Rg8+ Ke7 29. Nf5+ Kd7 30. Rg7+ Kc6 31. c4 Rc7 32. Rxc7+ Kxc7 33. h5 Nd7 34. Rg1 Nf8 35. Rg7+ Kc6 36. b4 b5 37. cxb5+ Kb6 38. h6 d5 39. a4 Ba8 40. h7 Nxh7 41. Rxh7 dxe4 42. Rh8 Bb7 43. fxe4 Bxe4 44. Ne3 Bd3 45. Rd8 e4 46. Rd7 Bxb5 47. axb5 Kxb5 48. Rxa7 Kxb4 49. Rc7 Kb5 1/2-1/2

[Event "Chessemy Open 2022"]
[Site "Reinstorf"]
[Date "2022.01.31"]
[Round "3.26"]
[White "Schulze, Tim"]
[Black "Ermitsch, Magnus"]
[Result "0-1"]
[WhiteElo "1578"]
[BlackElo "2127"]
[Annotator "ChessBase"]
[PlyCount "68"]
[EventDate "2022.01.29"]
[EventType "swiss"]
[EventCountry "GER"]
[SourceTitle "playchess.com"]
[Source "ChessBase"]
[SourceQuality "1"]

1. d4 Nf6 2. c4 c5 3. d5 e6 4. Nc3 exd5 5. cxd5 d6 6. e4 g6 7. h3 Bg7 8. Nf3 O-O 9. Bd3 b5 10. Bxb5 Nxe4 11. Nxe4 Qa5+ 12. Nc3 Bxc3+ 13. bxc3 Qxb5 14. Qe2 Qa4 15. O-O Ba6 16. Qd1 Qxd1 17. Rxd1 Bc4 18. Bf4 Rd8 19. Rd2 Na6 20. Rb1 Nc7 21. Bg5 Rdb8 22. Rdb2 Rxb2 23. Rxb2 Nxd5 24. Rb7 Nxc3 25. Nd2 Be6 26. Be7 c4 27. Bxd6 Nxa2 28. Rc7 c3 29. Ne4 Rc8 30. Nf6+ Kg7 31. Rxc8 Bxc8 32. Ne8+ Kh6 33. g4 c2 34. Bf4+ g5 0-1

[Event "Chessemy Open 2022"]
[Site "Reinstorf"]
[Date "2022.01.31"]
[Round "3.26"]
[White "Nautsch, Thomas"]
[Black "Skytte, Robert"]
[Result "1/2-1/2"]
[WhiteElo "1550"]
[BlackElo "1180"]
[Annotator "NA"]
[PlyCount "140"]
[EventDate "2022.01.29"]
[EventType "swiss"]
[EventCountry "GER"]
[SourceTitle "playchess.com"]
[Source "ChessBase"]
[SourceQuality "1"]

1. b3 d5 2. Bb2 Bf5 3. Nf3 e6 4. e3 Nf6 5. h3 Bd6 6. d3 O-O 7. Nbd2 Nbd7 8. Be2 h6 9. c4 c6 10. Qc2 Rc8 11. e4 dxe4 12. dxe4 Bh7 13. Bd3 Be7 14. Rd1 Nc5 15. Be2 Qc7 16. Qc3 Ncxe4 17. Nxe4 Bxe4 18. O-O Rfd8 19. Rd4 Bh7 20. Rfd1 Ne8 21. Rxd8 Rxd8 22. Qe3 Rxd1+ 23. Bxd1 Qd6 24. Be2 b6 25. Be5 Qd7 26. Bc3 Bc5 27. Qf4 f6 28. b4 Be7 29. Qg4 Bf5 30. Qh5 Nc7 31. Nh4 Bd3 32. Ng6 Bxe2 33. Nxe7+ Qxe7 34. Qxe2 e5 35. Qe4 Qd7 36. a3 Ne6 37. Qg4 Nf8 38. Qe2 Qd6 39. Kh1 c5 40. Kg1 Ne6 41. Qe4 Kf7 42. Qb7+ Qe7 43. Qd5 Ke8 44. Qc6+ Qd7 45. Qa8+ Nd8 46. bxc5 bxc5 47. Ba5 Ke7 48. Bxd8+ Qxd8 49. Qxa7+ Kd6 50. Qa6+ Kd7 51. Qb5+ Kd6 52. a4 Qa8 53. a5 Qe4 54. Qb6+ Qc6 55. Qd8+ Qd7 56. Qf8+ Kc6 57. Qa8+ Qb7 58. Qd8 Qa7 59. Qd5+ Kc7 60. Qf7+ Kb8 61. Qe8+ Kb7 62. Qb5+ Ka8 63. a6 h5 64. Kf1 Qb8 65. Qc6+ Ka7 66. Qxc5+ Kxa6 67. Qa3+ Kb7 68. Qb3+ Ka8 69. Qxb8+ Kxb8 70. Ke2 Kc7 1/2-1/2

[Event "Chessemy Open 2022"]
[Site "Reinstorf"]
[Date "2022.01.31"]
[Round "3.27"]
[White "Ploder, Udo"]
[Black "Tan, Justin"]
[Result "0-1"]
[WhiteElo "1873"]
[BlackElo "2526"]
[Annotator "TA"]
[PlyCount "92"]
[EventDate "2022.01.29"]
[EventType "swiss"]
[EventCountry "GER"]
[SourceTitle "playchess.com"]
[Source "ChessBase"]
[SourceQuality "1"]

1. e4 e5 2. f4 exf4 3. Nf3 Nf6 4. e5 Nh5 5. Qe2 Be7 6. d4 d5 7. exd6 Qxd6 8. Qb5+ Nc6 9. Qxh5 Nxd4 10. Nxd4 Qxd4 11. Nc3 O-O 12. Bd2 g6 13. Qd5 Bh4+ 14. Kd1 Qg7 15. Kc1 Rd8 16. Qf3 Bf5 17. Be2 Bf6 18. Bxf4 Rd4 19. Rd1 Rxf4 20. Qxf4 Bxc3 21. Rb1 Be5 22. Qd2 Qf6 23. g3 Qc6 24. Bd3 Rd8 25. Qe2 Bxd3 26. Rxd3 Rxd3 27. Qxd3 Qh1+ 28. Qd1 Qxh2 29. b4 Qxg3 30. Rb3 Qf4+ 31. Kb1 Bf6 32. Qd3 Qe5 33. c3 h5 34. Kc2 h4 35. Rb1 Kg7 36. Rf1 b5 37. Kb2 a6 38. a3 c6 39. Qf3 Qe6 40. Rf2 g5 41. Re2 Qd5 42. Qh3 Qc4 43. Rf2 Qe4 44. Rg2 Kg6 45. Rg1 Qe2+ 46. Kb1 Qe6 0-1

[Event "Chessemy Open 2022"]
[Site "Reinstorf"]
[Date "2022.01.31"]
[Round "3.27"]
[White "Ebeling, Hans-Juergen"]
[Black "Nguyen, Bach Khoi"]
[Result "1-0"]
[WhiteElo "1538"]
[BlackElo "1086"]
[Annotator "NA"]
[PlyCount "69"]
[EventDate "2022.01.29"]
[EventType "swiss"]
[EventCountry "GER"]
[SourceTitle "playchess.com"]
[Source "ChessBase"]
[SourceQuality "1"]

1. e4 e5 2. Nf3 Nc6 3. d4 exd4 4. Bc4 Nf6 5. e5 d5 6. Bb5 Nd7 7. O-O Be7 8. Bxc6 bxc6 9. Qxd4 O-O 10. b4 Rb8 11. a3 Nb6 12. Nbd2 f6 13. c4 Ba6 14. Re1 Bxc4 15. Qg4 fxe5 16. Nxe5 Bd6 17. Qe6+ Kh8 18. Nf7+ Rxf7 19. Qxf7 Qf8 20. Qxf8+ Rxf8 21. Nxc4 Nxc4 22. Be3 Be5 23. Ra2 a6 24. Bc5 Re8 25. Rae2 Rd8 26. f4 d4 27. fxe5 d3 28. Rf2 Kg8 29. e6 Nd6 30. e7 Re8 31. Bxd6 cxd6 32. Rf8+ Rxf8 33. exf8=Q+ Kxf8 34. Rd1 Ke7 35. Rxd3 1-0

[Event "Chessemy Open 2022"]
[Site "Reinstorf"]
[Date "2022.01.31"]
[Round "3.28"]
[White "Milovs, Daniels"]
[Black "Zimmermann, Luc"]
[Result "1-0"]
[WhiteElo "1842"]
[BlackElo "2120"]
[Annotator "TA"]
[PlyCount "137"]
[EventDate "2022.01.29"]
[EventType "swiss"]
[EventCountry "GER"]
[SourceTitle "playchess.com"]
[Source "ChessBase"]
[SourceQuality "1"]

1. e4 e6 2. d4 d5 3. Nc3 Nf6 4. e5 Nfd7 5. f4 c5 6. Nf3 Nc6 7. Be3 Be7 8. Qd2 a6 9. dxc5 Nxc5 10. Nd4 Nxd4 11. Bxd4 b5 12. Bd3 b4 13. Ne2 a5 14. Bb5+ Bd7 15. Bd3 Nxd3+ 16. cxd3 O-O 17. O-O Qb8 18. Rac1 Qb5 19. Rc7 Rfc8 20. Rfc1 Bd8 21. Rxc8 Rxc8 22. Rxc8 Bxc8 23. Kf2 Ba6 24. Ke3 f6 25. Qc2 Kf7 26. g3 h6 27. h4 h5 28. Nc1 Bb7 29. Qd1 g6 30. exf6 Bxf6 31. Bxf6 Kxf6 32. Ne2 d4+ 33. Nxd4 Qd5 34. Qb3 Qd6 35. Qc4 e5 36. fxe5+ Qxe5+ 37. Kf2 Kg7 38. Ne2 Qf6+ 39. Qf4 Qc6 40. Qe5+ Kg8 41. Nd4 Qg2+ 42. Ke3 Qg1+ 43. Kf4 Qc1+ 44. Qe3 Qc5 45. Qe5 Qc1+ 46. Qe3 Qc5 47. Qe8+ Kh7 48. Qf7+ Kh6 49. Qg7+ Kxg7 50. Ne6+ Kf6 51. Nxc5 Bd5 52. b3 Bc6 53. d4 Bd5 54. Nd7+ Ke7 55. Nb6 Be6 56. Ke5 Bf5 57. Nc4 Bb1 58. Nxa5 Bxa2 59. Nc6+ Kd7 60. Nxb4 Bxb3 61. Nd5 Bc2 62. Kf6 Kd6 63. Nf4 Be4 64. Kg5 Bc2 65. Nxg6 Kd5 66. Kxh5 Kxd4 67. Kg5 Kd5 68. Kf6 Bd1 69. h5 1-0

[Event "Chessemy Open 2022"]
[Site "Reinstorf"]
[Date "2022.01.31"]
[Round "3.29"]
[White "Sistig, Max"]
[Black "Wolf, Andre"]
[Result "1-0"]
[WhiteElo "1846"]
[BlackElo "2121"]
[Annotator "ChessBase"]
[PlyCount "63"]
[EventDate "2022.01.29"]
[EventType "swiss"]
[EventCountry "GER"]
[SourceTitle "playchess.com"]
[Source "ChessBase"]
[SourceQuality "1"]

1. d4 d5 2. c4 e6 3. Nc3 a6 4. cxd5 exd5 5. Bf4 Nf6 6. e3 Bd6 7. Bxd6 Qxd6 8. Bd3 O-O 9. Nge2 Re8 10. Qc2 Nc6 11. a3 Ne7 12. O-O Ng6 13. Rae1 Nh4 14. Ng3 Be6 15. Na4 c6 16. Nc5 Rab8 17. b4 g6 18. Rb1 Ng4 19. Qd2 Bc8 20. Rbe1 Rd8 21. f3 Nf6 22. Bc2 b6 23. Nb3 Be6 24. e4 dxe4 25. fxe4 Qe7 26. Qg5 Nd5 27. Qh6 Nc7 28. e5 Nf5 29. Nxf5 Bxf5 30. Bxf5 gxf5 31. Rxf5 Qf8 32. Rg5+ 1-0

[Event "Chessemy Open 2022"]
[Site "Reinstorf"]
[Date "2022.01.31"]
[Round "3.30"]
[White "Pellicoro, Nathalie"]
[Black "Gressmann, Moritz"]
[Result "0-1"]
[WhiteElo "1835"]
[BlackElo "2114"]
[Annotator "ChessBase"]
[PlyCount "122"]
[EventDate "2022.01.29"]
[EventType "swiss"]
[EventCountry "GER"]
[SourceTitle "playchess.com"]
[Source "ChessBase"]
[SourceQuality "1"]

1. e4 b6 2. d4 Bb7 3. Nc3 e6 4. Nf3 Nf6 5. e5 Nd5 6. Nxd5 Bxd5 7. Be2 Bb7 8. O-O Be7 9. Be3 d6 10. Qd2 Nd7 11. exd6 cxd6 12. Rad1 O-O 13. c3 Nf6 14. Qc2 Rc8 15. Bd3 Bxf3 16. gxf3 g6 17. Bh6 Re8 18. Qd2 Bf8 19. Bg5 Bg7 20. Qf4 Nd5 21. Bxd8 Nxf4 22. Bh4 Nxd3 23. Rxd3 d5 24. Bg3 Rc4 25. Bf4 Rec8 26. Rfd1 R4c6 27. Kf1 b5 28. Ke2 a5 29. Bd2 Bf8 30. Rc1 Bd6 31. Bh6 f6 32. h4 Kf7 33. Bd2 h5 34. Rg1 b4 35. Rc1 Be7 36. Rh1 Rc4 37. Rg1 bxc3 38. Bxc3 Bb4 39. Rc1 Bxc3 40. bxc3 Rb8 41. f4 Rc7 42. Rd2 a4 43. Kd3 a3 44. Rcc2 Rb1 45. f3 Rf1 46. Ke3 Rh1 47. c4 Rxc4 48. Rxc4 dxc4 49. Rc2 Rxh4 50. Rxc4 Rh2 51. Rc7+ Ke8 52. Rg7 Rxa2 53. Rxg6 Rb2 54. Rxf6 Ke7 55. Rh6 a2 56. Rh7+ Kf6 57. Ra7 h4 58. f5 Kxf5 59. Ra5+ Kf6 60. Kd3 h3 61. Kc3 Rg2 0-1

[Event "Chessemy Open 2022"]
[Site "Reinstorf"]
[Date "2022.01.31"]
[Round "3.31"]
[White "Klaska, Philipp Leon"]
[Black "Oest, Thorsten"]
[Result "1/2-1/2"]
[WhiteElo "1831"]
[BlackElo "2111"]
[Annotator "ChessBase"]
[PlyCount "84"]
[EventDate "2022.01.29"]
[EventType "swiss"]
[EventCountry "GER"]
[SourceTitle "playchess.com"]
[Source "ChessBase"]
[SourceQuality "1"]

1. e4 c5 2. Nf3 d6 3. d4 cxd4 4. Nxd4 Nf6 5. Nc3 a6 6. Bg5 e6 7. f4 Be7 8. Qf3 Qc7 9. O-O-O Nbd7 10. Bd3 b5 11. Rhe1 Bb7 12. Qg3 b4 13. Nd5 Bxd5 14. exd5 Nxd5 15. Bxe7 Nxe7 16. Qxg7 Rf8 17. Qxh7 Nc5 18. Nb3 Nxb3+ 19. axb3 Qa5 20. Kb1 Rc8 21. Qe4 d5 22. Qe2 Rc6 23. f5 Kd7 24. g4 Qb6 25. f6 Nc8 26. g5 Rg8 27. h4 Na7 28. Qg4 Kc7 29. g6 fxg6 30. f7 Rf8 31. Qxg6 Nb5 32. Bxb5 axb5 33. h5 e5 34. Qg7 Qc5 35. Qxe5+ Kb6 36. Qe3 Rxf7 37. Qxc5+ Kxc5 38. Re5 Rd6 39. Kc1 Rf2 40. Rd2 Rf1+ 41. Rd1 Rf2 42. Rg5 Rh2 1/2-1/2

[Event "Chessemy Open 2022"]
[Site "Reinstorf"]
[Date "2022.01.31"]
[Round "3.32"]
[White "Rick, Uwe"]
[Black "Sommer, Justus"]
[Result "1/2-1/2"]
[WhiteElo "2107"]
[BlackElo "1821"]
[Annotator "ChessBase"]
[PlyCount "55"]
[EventDate "2022.01.29"]
[EventType "swiss"]
[EventCountry "GER"]
[SourceTitle "playchess.com"]
[Source "ChessBase"]
[SourceQuality "1"]

1. c4 e5 2. g3 Nf6 3. Bg2 Nc6 4. Nc3 g6 5. e4 Bg7 6. Nge2 O-O 7. O-O d6 8. Rb1 a5 9. d3 Nh5 10. Be3 Be6 11. Qd2 Qd7 12. Nd5 Ne7 13. Nxe7+ Qxe7 14. f4 Qd7 15. f5 gxf5 16. Bh6 Bxh6 17. Qxh6 Ng7 18. Nc3 f6 19. Nd5 Bxd5 20. cxd5 Qf7 21. Rbc1 Qg6 22. Qxg6 hxg6 23. Rxc7 Rf7 24. Rfc1 Raf8 25. Rxf7 Rxf7 26. Rc8+ Rf8 27. Rc7 Rf7 28. Rc8+ 1/2-1/2

[Event "Chessemy Open 2022"]
[Site "Reinstorf"]
[Date "2022.01.31"]
[Round "3.33"]
[White "Muedder, Melanie"]
[Black "Kaeding, Rainer"]
[Result "0-1"]
[WhiteElo "1788"]
[BlackElo "2095"]
[Annotator "ChessBase"]
[PlyCount "122"]
[EventDate "2022.01.29"]
[EventType "swiss"]
[EventCountry "GER"]
[SourceTitle "playchess.com"]
[Source "ChessBase"]
[SourceQuality "1"]

1. e4 c5 2. Nf3 e6 3. d4 cxd4 4. Nxd4 Nc6 5. Nc3 Qc7 6. Qd3 a6 7. Nxc6 bxc6 8. Qg3 Qxg3 9. hxg3 d5 10. Na4 Rb8 11. exd5 cxd5 12. Bf4 Rb4 13. b3 e5 14. Bd2 Rb8 15. c4 d4 16. c5 Nf6 17. Rc1 Be7 18. Ba5 Bd8 19. Bxd8 Kxd8 20. Bc4 Bb7 21. O-O Nd5 22. Bxd5 Bxd5 23. Nb6 Bc6 24. Rfe1 Re8 25. Nc4 f6 26. Rcd1 Bd5 27. Nd6 Re6 28. f4 Rb4 29. fxe5 Rxe5 30. Kf1 Kd7 31. Re2 Kc6 32. Rc2 Be4 33. Rc4 Rxc4 34. Nxc4 Rf5+ 35. Ke2 Kxc5 36. Nb2 Bxg2 37. Nd3+ Kd6 38. Nf4 Re5+ 39. Kf2 Bc6 40. Rxd4+ Ke7 41. Rc4 Kd6 42. Rd4+ Kc7 43. Rc4 g5 44. Ne2 Kd6 45. Nd4 Bd7 46. Nf3 Rc5 47. Rd4+ Rd5 48. Rc4 h5 49. Ke3 Bb5 50. Rc2 Rd3+ 51. Kf2 Bc6 52. Nd2 Bd5 53. Nf1 f5 54. Ne3 Be4 55. Re2 Ke5 56. Nc4+ Kd4 57. Nd2 h4 58. gxh4 gxh4 59. Kf1 h3 60. Nxe4 fxe4 61. Rf2 Rf3 0-1

[Event "Chessemy Open 2022"]
[Site "Reinstorf"]
[Date "2022.01.31"]
[Round "3.34"]
[White "Kewe, Stefan"]
[Black "Monninger, Moritz"]
[Result "0-1"]
[WhiteElo "1814"]
[BlackElo "2064"]
[Annotator "NA"]
[PlyCount "41"]
[EventDate "2022.01.29"]
[EventType "swiss"]
[EventCountry "GER"]
[SourceTitle "playchess.com"]
[Source "ChessBase"]
[SourceQuality "1"]

1. d4 d5 2. Nf3 Nf6 3. c4 e6 4. g3 Bb4+ 5. Bd2 Bd6 6. Bg2 c6 7. O-O O-O 8. Qc2 Ne4 9. Nc3 Nxd2 10. Nxd2 f5 11. e3 Nd7 12. Rae1 Kh8 13. f3 b6 14. e4 f4 15. e5 Be7 16. Ne2 g5 17. cxd5 cxd5 18. Qc6 Rb8 19. Bh3 Bb4 20. Nc3 Nc5 21. Qb5 0-1

[Event "Chessemy Open 2022"]
[Site "Reinstorf"]
[Date "2022.01.31"]
[Round "3.34"]
[White "Wraga, Teresa"]
[Black "Mohammadi, Sholeh"]
[Result "1-0"]
[WhiteElo "1562"]
[BlackElo "1162"]
[Annotator "NA"]
[PlyCount "149"]
[EventDate "2022.01.29"]
[EventType "swiss"]
[EventCountry "GER"]
[SourceTitle "playchess.com"]
[Source "ChessBase"]
[SourceQuality "1"]

1. e4 d6 2. Nc3 Nf6 3. g3 e5 4. Bg2 Be6 5. d3 c5 6. Nge2 a6 7. O-O Nc6 8. h3 h6 9. f4 exf4 10. Nxf4 Qd7 11. Kh2 O-O-O 12. Ncd5 Bxd5 13. Nxd5 Nxd5 14. exd5 Ne5 15. c3 Be7 16. d4 cxd4 17. cxd4 Ng6 18. Rxf7 Rhg8 19. Qd3 Nh8 20. Rf1 Bf6 21. Be3 Rde8 22. Rae1 Re7 23. Bd2 Rxe1 24. Rxe1 Nf7 25. h4 Qb5 26. Qxb5 axb5 27. Bc3 b6 28. Bh3+ Kd8 29. a3 Rf8 30. Bf1 g5 31. hxg5 hxg5 32. Bxb5 Rh8+ 33. Kg2 Nh6 34. Re6 Be7 35. Bb4 Nf5 36. Bc3 Ng7 37. Rg6 Nf5 38. Bd3 Ne3+ 39. Kg1 Nxd5 40. Bd2 Rh5 41. Be2 Rh3 42. Kg2 Rh8 43. Bf3 Nf4+ 44. gxf4 gxf4 45. Bxf4 Kc7 46. Rg7 Kd8 47. Bd5 Rf8 48. Rg8 Kd7 49. Rxf8 Bxf8 50. Kf3 Ke7 51. Bc6 Kf6 52. Ke4 Kg6 53. Kd5 Kf5 54. Bxd6 Bh6 55. b3 Kg4 56. Bc7 Bc1 57. a4 Kf3 58. Bxb6 Ke3 59. Kc4 Ba3 60. a5 Kf4 61. a6 Kf5 62. a7 Ke6 63. a8=Q Bd6 64. Bc5 Be7 65. Bxe7 Kxe7 66. d5 Kd6 67. Qd8+ Ke5 68. b4 Ke4 69. b5 Ke3 70. b6 Kd2 71. b7 Kc2 72. b8=R Kd2 73. Qb6 Kc2 74. Qf2+ Kc1 75. Rb2 1-0

[Event "Chessemy Open 2022"]
[Site "Reinstorf"]
[Date "2022.01.31"]
[Round "3.35"]
[White "Niemann, Leon"]
[Black "Muedder, Rafael"]
[Result "0-1"]
[WhiteElo "1804"]
[BlackElo "2035"]
[Annotator "ChessBase"]
[PlyCount "56"]
[EventDate "2022.01.29"]
[EventType "swiss"]
[EventCountry "GER"]
[SourceTitle "playchess.com"]
[Source "ChessBase"]
[SourceQuality "1"]

1. e4 d5 2. exd5 Nf6 3. Nc3 Nxd5 4. g3 e5 5. Bg2 Be6 6. Nge2 Nc6 7. O-O Qd7 8. Re1 O-O-O 9. d3 f6 10. Bd2 h5 11. a4 h4 12. Nxd5 Bxd5 13. Bxd5 Qxd5 14. Nc3 Qd7 15. Ne4 hxg3 16. fxg3 Qh3 17. Re2 Nd4 18. Rf2 Be7 19. Be3 Qd7 20. a5 a6 21. b4 f5 22. Nd2 Bxb4 23. Nc4 Qd5 24. Bxd4 Qxd4 25. c3 Bxc3 26. Rc1 Rxh2 27. Qf3 Rxf2 28. Qxf2 Qxd3 0-1